Earthing the Gospel : (Record no. 1347)

MARC details
000 -LEADER
fixed length control field 01042pam a2200289 a 4500
001 - CONTROL NUMBER
control field 1983438
003 - CONTROL NUMBER IDENTIFIER
control field GBCCL
005 - DATE AND TIME OF LATEST TRANSACTION
control field 20241126110359.0
008 - FIXED-LENGTH DATA ELEMENTS--GENERAL INFORMATION
fixed length control field 891212s1990 nyua b 001 0 eng
010 ## -
-- 89077599
020 ## - INTERNATIONAL STANDARD BOOK NUMBER
International Standard Book Number 088344643X
040 ## - CATALOGING SOURCE
Original cataloging agency DLC
Transcribing agency DLC
Modifying agency DLC
050 00 -
-- BR115.C8
-- A67 1990
082 00 - DEWEY DECIMAL CLASSIFICATION NUMBER
Classification number 266.001
-- 261
Edition information 20
Item number ARB
100 1# - MAIN ENTRY--PERSONAL NAME
Personal name Arbuckle, Gerald A.
9 (RLIN) 2656
245 10 - TITLE STATEMENT
Title Earthing the Gospel :
Remainder of title an inculturation handbook for pastoral workers /
Statement of responsibility, etc. Gerald A. Arbuckle.
260 ## - PUBLICATION, DISTRIBUTION, ETC.
Place of publication, distribution, etc. Maryknoll, N.Y. :
Name of publisher, distributor, etc. Orbis Books,
Date of publication, distribution, etc. c1990.
300 ## - PHYSICAL DESCRIPTION
Extent 236 p. :
Other physical details ill. ;
Dimensions 24 cm.
504 ## - BIBLIOGRAPHY, ETC. NOTE
Bibliography, etc. note Includes bibliographical references(p. [221]-236).
650 #0 - SUBJECT ADDED ENTRY--TOPICAL TERM
Topical term or geographic name entry element Christianity and culture.
9 (RLIN) 886
650 #0 - SUBJECT ADDED ENTRY--TOPICAL TERM
Topical term or geographic name entry element Missions
General subdivision Theory.
9 (RLIN) 48
650 #0 - SUBJECT ADDED ENTRY--TOPICAL TERM
Topical term or geographic name entry element Evangelistic work
General subdivision Philosophy.
9 (RLIN) 2225
650 #0 - SUBJECT ADDED ENTRY--TOPICAL TERM
Topical term or geographic name entry element Ethnology
General subdivision Religious aspects
-- Christianity.
9 (RLIN) 2224
906 ## - LOCAL DATA ELEMENT F, LDF (RLIN)
a 7
b cbc
c orignew
d 1
e opcn
f 19
g y-gencatlg
942 ## - ADDED ENTRY ELEMENTS (KOHA)
Source of classification or shelving scheme Dewey Decimal Classification
Koha item type Books
Koha issues (borrowed), all copies 1
Holdings
Withdrawn status Lost status Source of classification or shelving scheme Damaged status Not for loan Home library Current Library Shelving location Date acquired Total checkouts Full call number Barcode Date last seen Date last checked out Copy number Price effective from Koha item type
    Dewey Decimal Classification     GRACE BIBLE COLLEGE GRACE BIBLE COLLEGE Ministry & Mission 2017-04-26 2 266.001 ARB 003138 2026-01-22 2026-01-16 c.1 2017-04-26 Books
© Grace Bible College Library 2025